Managing for the future

Bibliographic Details
Main Author: Drucker, Peter F.
Format: Book
Published: Oxford : Butterworth-Heinemann Ltd , 1992
Subjects:

MARC

LEADER 00000cam a2200000 7i4500
001 0000008103
005 20241003.0
020 |a 0750609095 
040 |a INS 
090 0 0 |a HD31   |b D78 1992 
100 1 |a Drucker, Peter F. 
245 1 0 |a Managing for the future   |c Peter F. Drucker 
260 |a Oxford :   |b Butterworth-Heinemann Ltd ,   |c 1992 
300 |a 287 p :   |b 23 cm. 
650 0 |a Organization 
650 0 0 |a Management 
999 |a 0000022844   |b BOOK   |c Open Shelf   |e Default branch 
999 |a 0000022969   |b BOOK   |c Open Shelf   |e Default branch 
999 |a 0000023155   |b BOOK   |c Open Shelf   |e Default branch